000 00289nam a22001217a 4500
041 _aENG
100 _aDikshit Raja
245 _aAdhunik Bharatacha Ani Chincha Etihas
260 _aPune
_bPragati Book
_c2001
300 _a244
650 _aCompetitive Exam
856 _uCompetitive Exam ( 35 )
999 _c962
_d962